Statistiques concernant Les 12 départements qui composent la région Nouvelle Aquitaine

Cliquez ici pour prendre le quiz!

Statistiques générales

  • Ce quiz a été pris 189 fois
  • Le résultat moyen est 10 sur 12

Statistiques - réponses

Départements% Correct
Gironde
95%
Landes
93%
Charente
90%
Charente-Maritime
90%
Dordogne
85%
Pyrénées Atlantiques
85%
Corrèze
79%
Creuse
77%
Lot et Garonne
76%
Vienne
74%
Haute-Vienne
72%
Deux Sèvres
70%

Distribution des résultats

Percentile par nombre de réponses

% des personnes avec chaque résultat

Votre développement - résultats

Vous n’avez pas pris ce quiz